00410nam a22001457a 4500003001200000005001700012008004100029020001500070040001200085082002100097100002300118245008300141260001100224650002900235NUST - PNEC20170116180949.0150908b xxu||||| |||| 00| 0 eng d a0070398712 cLIBRARY a621.38153042 MAN aManera, Anthony S. aSolid state electronic circuits: For engineering technologycAnthony S. Manera cc.1981 aTransistor circuits xEE